|
|
|
|
| LEADER |
01018nam a22002417a 4500 |
| 001 |
19833 |
| 003 |
BD-DhAAL |
| 005 |
20170208125958.0 |
| 008 |
170208s2010 bg ||||| |||| 00| 0 ben d |
| 020 |
|
|
|a 9847032300873
|
| 040 |
|
|
|a BD-DhAAL
|c BD-DhAAL
|
| 082 |
|
|
|2 23
|a 171.08
|
| 245 |
|
|
|a তাও তে চিং :
|b লাওজি কথিত ন্যায়সুত্র /
|c অনুবাদ মুহাম্মদ হাবিবুর রহমান
|
| 260 |
|
|
|a ঢাকা :
|b শব্দশিল্প,
|c ২০১০
|
| 300 |
|
|
|a ১৮১ পৃষ্ঠা :
|b চিত্র ;
|c ২১ সে.মি.
|
| 526 |
|
|
|a AAL
|
| 541 |
|
|
|e 19833
|
| 650 |
|
|
|a Ethics
|9 20989
|
| 700 |
|
|
|a হাবিবুর রহমান, মুহাম্মদ
|9 20990
|
| 852 |
|
|
|a Ayehsa Abed Library
|
| 942 |
|
|
|2 ddc
|c BK
|
| 999 |
|
|
|c 37960
|d 37960
|
| 952 |
|
|
|0 0
|1 0
|2 ddc
|4 0
|6 171_080000000000000_TAO
|7 0
|9 59986
|a BRACUL
|b BRACUL
|c GEN
|d 2017-02-08
|l 5
|m 42
|o 171.08 TAO
|p 3010019833
|r 2022-10-26
|s 2022-03-24
|t 1
|w 2017-02-08
|y BK
|